000 00337nam a2200145Ia 4500
008 150201s1985 xx 000 0 und d
082 _a611
_bA 1984J
100 _aJOSEPH,J
245 _aAIDS TO ANATOMY
250 _a13TH
260 _bJAYPEE MEDICAL PUBLISHER
_aDELHI
_c1985
300 _a1-423
650 _aANATOMY
942 _2ddc
_cBK
999 _c2481
_d2481